MAASAI MARA UNIVERSITY

LIBRARY CATALOGUE

Contact Us: +254 020 2685356/7 or 0774 057787

Box: 861-20500, NAROK, KENYA

Email: info@mmarau.ac.ke

Missing Mark / (Record no. 17828)

MARC details
000 -LEADER
fixed length control field 01544nam a22003737a 4500
001 - CONTROL NUMBER
control field 15481655
003 - CONTROL NUMBER IDENTIFIER
control field OSt
005 - DATE AND TIME OF LATEST TRANSACTION
control field 20230517041538.0
008 - FIXED-LENGTH DATA ELEMENTS--GENERAL INFORMATION
fixed length control field 160630b xxu||||| |||| 00| 0 eng d
010 ## - LIBRARY OF CONGRESS CONTROL NUMBER
LC control number 2008042899
020 ## - INTERNATIONAL STANDARD BOOK NUMBER
International Standard Book Number 9780385524773
020 ## - INTERNATIONAL STANDARD BOOK NUMBER
International Standard Book Number 9780307388520
035 ## - SYSTEM CONTROL NUMBER
System control number (OCoLC)ocn262143110
040 ## - CATALOGING SOURCE
Original cataloging agency MMU
Transcribing agency MMU
Modifying agency MMU
Language of cataloging eng
050 00 - LIBRARY OF CONGRESS CALL NUMBER
Classification number PS3611.R355
Item number M57 2008
100 1# - MAIN ENTRY--PERSONAL NAME
Personal name Kramer, Julie.
245 10 - TITLE STATEMENT
Title Missing Mark /
Statement of responsibility, etc. Julie Kramer.
250 ## - EDITION STATEMENT
Edition statement 1st ed.
260 ## - PUBLICATION, DISTRIBUTION, ETC. (IMPRINT)
Place of publication, distribution, etc. New York :
Name of publisher, distributor, etc. Doubleday,
Date of publication, distribution, etc. c2009.
300 ## - PHYSICAL DESCRIPTION
Extent 276 p. :
Dimensions 25 cm.
500 ## - GENERAL NOTE
General note Sequel to: Stalking Susan.
520 ## - SUMMARY, ETC.
Summary, etc. TV reporter Riley Spartz pursues a curious story of a bride left at the altar and finds herself caught in a dangerous missing-person case.--From publisher description.
650 #0 - SUBJECT ADDED ENTRY--TOPICAL TERM
Topical term or geographic name as entry element Spartz, Riley (Fictitious character)
Form subdivision Fiction.
650 #0 - SUBJECT ADDED ENTRY--TOPICAL TERM
Topical term or geographic name as entry element Women television journalists
Form subdivision Fiction.
650 #0 - SUBJECT ADDED ENTRY--TOPICAL TERM
Topical term or geographic name as entry element Serial murders
Geographic subdivision Minnesota
-- Minneapolis
Form subdivision Fiction.
651 #0 - SUBJECT ADDED ENTRY--GEOGRAPHIC NAME
Geographic name Minneapolis (Minn.)
Form subdivision Fiction.
655 #7 - INDEX TERM--GENRE/FORM
Genre/form data or focus term Mystery fiction.
Source of term gsafd
856 42 - ELECTRONIC LOCATION AND ACCESS
Materials specified Contributor biographical information
Uniform Resource Identifier <a href="http://www.loc.gov/catdir/enhancements/fy0917/2008042899-b.html">http://www.loc.gov/catdir/enhancements/fy0917/2008042899-b.html</a>
856 42 - ELECTRONIC LOCATION AND ACCESS
Materials specified Publisher description
Uniform Resource Identifier <a href="http://www.loc.gov/catdir/enhancements/fy0917/2008042899-d.html">http://www.loc.gov/catdir/enhancements/fy0917/2008042899-d.html</a>
856 41 - ELECTRONIC LOCATION AND ACCESS
Materials specified Sample text
Uniform Resource Identifier <a href="http://www.loc.gov/catdir/enhancements/fy0917/2008042899-s.html">http://www.loc.gov/catdir/enhancements/fy0917/2008042899-s.html</a>
906 ## - LOCAL DATA ELEMENT F, LDF (RLIN)
a 7
b cbc
c orignew
d 1
e ecip
f 20
g y-gencatlg
942 ## - ADDED ENTRY ELEMENTS (KOHA)
Source of classification or shelving scheme Library of Congress Classification
Koha item type L
Holdings
Withdrawn status Lost status Source of classification or shelving scheme Damaged status Not for loan Home library Current library Date acquired Source of acquisition Total Checkouts Full call number Barcode Date last seen Date last checked out Price effective from Koha item type
    Library of Congress Classification     Maasai Mara University Library -Main Campus Maasai Mara University Library -Main Campus 06/30/2016 Donation 1 Fic. PS 3611 .R355M57 2008 201516544 10/03/2024 09/30/2024 06/30/2016 L
© 2016 Maasai Mara University.